000 00267nam a22000977a 4500
999 _c520821
_d520821
082 _aTNC B3x54 In2/Cw51
100 _aCowlagi, V.R.S.
_933709
245 _aCorruption and role of citizen
260 _aAhmedabad
_bSardar Patel Institute of Pub.Adm.
_c2004
300 _a82p.